Dračia skrinka /
Najväčší majster hlavolamov na svete má 24 hodín na vyriešenie najnebezpečnejšej záhady svojho života... inak umrie. Japonská cisárska rodina každých 12 rokov organizuje tajnú súťaž o otvorenie vzácnej schránky, ktorá ukrýva cisárske tajomstvo. Dračia skrinka je však plná trikov, nástrah a jedov. Do...
Uloženo v:
| Hlavní autor: | |
|---|---|
| Médium: | E-kniha |
| Jazyk: | Czech |
| Vydáno: |
Praha :
Albatros Media Slovakia s.r.o.,
2025
|
| Tagy: |
Žádné tagy |
| LEADER | 01548nam a22002297i 4500 | ||
|---|---|---|---|
| 001 | 302694 | ||
| 007 | ta | ||
| 008 | 260514s2025 xr ||||| |||| 00| 0 cze d | ||
| 020 | |a 9788056648230 | ||
| 044 | |a xr | ||
| 100 | 1 | |a Trussoni, Danielle |4 aut | |
| 245 | 1 | 0 | |a Dračia skrinka / |c Trussoni, Danielle |
| 240 | 1 | 0 | |a Puzzle Box |
| 264 | 1 | |a Praha : |b Albatros Media Slovakia s.r.o., |c 2025 | |
| 300 | |a 1 online zdroj (352 stran) | ||
| 336 | |a text |b txt |2 rdacontent | ||
| 337 | |a bez média |b n |2 rdamedia | ||
| 338 | |a online zdroj |b cr |2 rdacarrier | ||
| 520 | 2 | |a Najväčší majster hlavolamov na svete má 24 hodín na vyriešenie najnebezpečnejšej záhady svojho života... inak umrie. Japonská cisárska rodina každých 12 rokov organizuje tajnú súťaž o otvorenie vzácnej schránky, ktorá ukrýva cisárske tajomstvo. Dračia skrinka je však plná trikov, nástrah a jedov. Doteraz každý, kto sa ju pokúsil otvoriť, prišiel o život. Mike Brink je možno jediným žijúcim človekom, ktorý dokáže hlavolam rozlúštiť. Rovnako odhodlané sú však aj dve sestry zo slávneho samurajského klanu... | |
| 910 | |a RBIT002 | ||
| 998 | |d 426951 |a https://core.palmknihy.cz/api/books/426951/cover?tesghz |b https://core.palmknihy.cz/api/books/426951/cover/400?tesghz |c https://core.palmknihy.cz/api/books/426951/cover/50?tesghz |e 2029-08-08 |g 352 |i 9788056648230 |j https://core.palmknihy.cz/api/books/426951/preview.epub |k https://core.palmknihy.cz/api/books/426951/preview.pdf |l |q 49 |r 1 |s https://www.palmknihy.cz/kniha/426951 |t ebook |y 2025 |z 1 | ||
| 999 | |d 302692 | ||